La propaganda y la opinión pública: conversaciones con David Barsamian

Furkejuvvon:
Bibliográfalaš dieđut
Váldodahkki: Chomsky, Noam (Dahkki)
Materiálatiipa: Girji
Giella:espánnjágiella
Almmustuhtton: Barcelona Crítica 2002
Ráidu:Letras de Crítica
Fáttát:
Fáddágilkorat: Lasit fáddágilkoriid
Eai fáddágilkorat, Lasit vuosttaš fáddágilkora!

MARC

LEADER 00000nam a2200000 a 4500
001 UCI3161
003 CL-VaPUC
008 071012e20020000SP |||||||||||||||||spa|d
020 |a 8484323560 
082 0 4 |a 302.23  |b CHO  |2 21 
100 0 |a Chomsky, Noam  |e author  |9 320717 
245 1 3 |a La propaganda y la opinión pública: conversaciones con David Barsamian 
300 |a 253 p 
942 |c BK 
945 |d 20071012 00:00:00  |a jtorresc 
260 |a Barcelona  |b Crítica  |c 2002 
600 0 |a Barsamian, David   |9 524577 
650 0 |a Publicidad  |9 314572 
650 0 |a Propaganda   |9 322285 
650 0 |a Opinión pública  |9 255512 
650 7 |a PERSUASION  |2 CL-VaPUC  |9 333321 
650 7 |a PSICOLOGIA DE LA COMUNICACION  |2 CL-VaPUC  |9 332059 
650 0 |a Conceptos morales   |9 310606 
650 0 |a Medios de comunicación de masas  |9 257273 
583 |a last modification  |c 20071012 00:00:00  |k Rodrigo Vera 
490 0 |a Letras de Crítica 
999 |c 327534  |d 327532 
952 |0 0  |1 0  |4 0  |6 302_230000000000000_CHO_2002  |7 0  |8 A  |9 410466  |a BIBEDU  |b BIBEDU  |d 2019-11-22  |i 4362977  |o 302.23 CHO 2002  |p 4362977  |r 2019-11-22  |w 2019-11-22  |y BK  |k PSI